00561cam a2200181 i 4500020001800000041000800018082001700026100002100043245005900064250001900123260005500142300001600197650001100213650001700224942000700241952011400248999001700362 a9788123440293 aENG a305.568bDEV1 aDevasahayam, V.,10aJustice to the Dalits : index of India's civilization aFirst edition. aChennai, bNew Century Book House (P) Ltd., c2020 a307 pages ; 0aDalits 0aHuman rights cBK 00104070aHMIbHMIcGENd2025-10-03eDirectorg310.00l0o305.568 DEVp11004889r2025-10-03w2025-10-03yBK c23602d23602